| 000 | 00000nam##2200000za#4500 |
| 001 | 9.659483 |
| 003 | CaOODSP |
| 005 | 20200328175724 |
| 007 | ta |
| 008 | 150407|1997||||xxc||||| f|0| 0 eng|d |
| 020 | |a0-662-63081-5 |
| 040 | |aCaOODSP|beng |
| 041 | |aeng |
| 041 | |afre |
| 043 | |an-cn--- |
| 086 | 1 |aH21-99/1996 |
| 110 | 1 |aCanada.|bHealth Canada. |bPolicy and Consultation Branch. |
| 245 | 10|aNational health expenditures in Canada, 1975-1996 |
| 260 | |aOttawa - Ontario : |bHealth Canada. |c1997. |
| 300 | |a17p. : |bgraphs, tables ; |c28 cm. |
| 546 | |aBilingual |
| 563 | |aSoftcover |
| 590 | |a98-42|b1998-10-16 |
| 776 | 0#|tDépenses nationales de santé au Canada, 1975-1996 : |w(CaOODSP)9.675798 |
| 792 | |tDépense nationales de santé au Canada, 1975-1996 |efre|w(CaOODSP)9.659484 |
| 986 | |aFact sheets. |